| 000 | 00550 a2200169 4500 | ||
|---|---|---|---|
| 020 | _a053819300X | ||
| 020 | _a9780538193009 | ||
| 090 |
_c1716 _d1716 |
||
| 100 | 1 | _aLowry, J. | |
| 245 | 1 | 0 |
_aRetail management / _cJ. Lowry. |
| 260 |
_a[S.l.] : _bThomson South-Western, _c1983. |
||
| 300 | _a600 p. | ||
| 500 | _aHardcover. | ||
| 856 | 4 | 0 |
_3Amazon.com _uhttp://www.amazon.com/exec/obidos/ASIN/053819300X/chopaconline-20 |
| 856 | 4 | 0 |
_3Amazon customer reviews _uhttp://www.chopac.org/cgi-bin/tools/azrev.pl?q=053819300X |
| 942 |
_aNBS _cBK _k658.823 LOW |
||
| 999 |
_c344231 _d344231 |
||